000 00632nam a2200241Ia 4500
003 OSt
005 20221007072710.0
006 a|||||r|||| 00| 0
007 ta
008 221006b |||||||| |||| 00| 0 eng d
024 _a24,119
037 _cTextual
040 _aFLL
_cFLL
_beng
041 _2eng
_aeng
082 _aZ3:33y7, J0;1,K2
100 _aScamell Ernest H.
_9691234
245 0 _aLaw of partnership
250 _a12th
260 _aLondon
_bSweet & Maxwell UK
_c1962
300 _aclii,949p
_ccm.
942 _hZ3:33y7, J0;1,K2
_cTEXL
_2CC
999 _c1146750
_d1146750